000 01747nam a2200337Ia 4500
005 20220316235415.0
008 121119s1998 ck ao gr 001 0 spa
020 _a9589620167
041 0 _aspa
082 0 4 _a927.59861
_bE76g
100 1 _aGonzález, Beatriz,
_d1938
245 1 0 _aJosé María Espinosa
_babanderado del arte en el siglo XIX
_cBeatriz González ; edición a cargo de Martha Segura ; fotografías de Julio César Flórez
250 _aPrimera edición
264 1 _aBogotá
_bMuseo Nacional de Colombia
_bMinisterio de Cultura
_bBanco de la República
_bEl Ancora Editores
_c1998
300 _a336 páginas
_bilustraciones y fotografías
_c30 cm
336 _atexto
_btxt
_2rdacontent
337 _asin mediación
_bn
_2rdamedia
338 _avolumen
_bnc
_2rdacarrier
500 _aIncluye índice onomástico y apéndice biográfico de láminas
504 _aIncluye bibliografía escogida
505 0 _ac.1. El año en que nació Espinosa -- c.2. Actor y testigo de batallas -- c.3. Un dibujante en los inicios de la República -- c.4. Mi profesión de pintor y retratista -- c.5. El miniaturista -- c.6. El retratista del libertador -- c.7. Sus grabados: memoria de la patria -- c.8. El caricaturista -- c.9. Pintos de historia y de paisaje -- c.10. Un autodidacta entre el clasicismo y el romanticismo
600 1 4 _aEspinosa Prieto, José María,
_d1796-1883
_9118942
650 1 4 _2LEMB
_aPintura colombiana
_ySiglo XIX
650 1 4 _2LEMB
_aPintura de retratos
_ySiglo XIX
650 1 4 _aGrabados colombianos
_2LEMB
650 1 4 _2LEMB
_aMiniaturas colombianas
_ySiglo XIX
700 1 _aSegura, Martha
_eeditor
_9118947
700 1 _aFlórez, Julio César
_9118948
942 _2ddc
_cBK
040 _aCO-BoRNBP
_bspa
_erda
_cCO-BoRNBP
999 _c867
_d867